000 01320nam a22002297a 4500
005 20250904104644.0
010 _aHIN-130390 B-772085-2099 25BACHN25
020 _c350.00
_a8189397362
035 _aB-772085-2099
035 _aHN-102736
037 _bसरिता प्रकाशन
037 _bDBAD
082 _21
_a363.73874
100 _aश्रीवास्तव, अखिलेश
_984689
245 _aग्लोबल वार्मिंग/
_cअखिलेश श्रीवास्तव
250 _a1
260 _aजयपुर
_bसरिता प्रकाशन
_c2024
270 _a30, शिवा कॉलोनी, नटराज नगर के पास टोंक रोड़,
_bजयपुर
_e302015
300 _a160पृ.
_c22सेमी(आजिल्द)
942 _2ddc
_cHN
_h363.73874
_mश्रीवास्त
999 _c210054
_d210054